[Event "SR 4. liga A21 2010/2011"]
[Site "?"]
[Date "2010.12.05"]
[Round "5.2"]
[White "Pagac, Robert"]
[Black "Rau, Vladimir"]
[Result "0-1"]
[WhiteElo "1818"]
[BlackElo "1637"]
[PlyCount "75"]
[EventDate "2010.??.??"]

1. e4 c6 2. d4 d5 3. e5 Bf5 4. Bd3 Bxd3 5. Qxd3 e6 6. c3 Nd7 7. Ne2 g6 8. Ng3
Ne7 9. Qf3 Bg7 10. Bg5 O-O 11. Qe3 Re8 12. O-O Qc7 13. Nd2 Nf5 14. Nxf5 exf5
15. Bh6 Nf8 16. Bxg7 Kxg7 17. f4 Ne6 18. Qg3 Qe7 19. Nf3 Rh8 20. Rae1 Rag8 21.
h3 Kf8 22. a3 a6 23. Qh2 h6 24. Rf2 g5 25. fxg5 hxg5 26. Re3 f4 27. Nxg5 Rxg5
28. Rd3 Rhg8 29. Kf1 Rg3 30. Rdf3 Qh4 31. Qh1 Rxf3 32. Rxf3 Rg3 33. Ke2 Ng5 34.
Rxg3 Qxg3 35. Qf1 Qe3+ 36. Kd1 Ne4 37. Qe2 Nf2+ 38. Ke1 0-1

[Event "SR 4. liga A21 2010/2011"]
[Site "?"]
[Date "2010.12.05"]
[Round "5.2"]
[White "Vogl, Zdenek"]
[Black "Kavon, Rastislav"]
[Result "0-1"]
[WhiteElo "1863"]
[BlackElo "1699"]
[PlyCount "58"]
[EventDate "2010.??.??"]

1. e4 d6 2. d4 Nf6 3. Nc3 g6 4. Nf3 Bg7 5. Bc4 O-O 6. Bb3 c6 7. O-O b5 8. e5
dxe5 9. dxe5 Ng4 10. Bf4 e6 11. h3 Nh6 12. g4 Kh8 13. Bg5 Qc7 14. Re1 Ng8 15.
Qe2 Bb7 16. Rad1 a6 17. Nb1 c5 18. c4 b4 19. Nbd2 Nc6 20. Bc2 Rfe8 21. Nb3 Bf8
22. Qe3 Na5 23. Nxa5 Qxa5 24. Bb1 Qc7 25. Rd2 Be7 26. Bxe7 Nxe7 27. Be4 Nc6 28.
Qxc5 Rac8 29. Qxc6 Bxc6 0-1

[Event "SR 4. liga A21 2010/2011"]
[Site "?"]
[Date "2010.12.05"]
[Round "5.3"]
[White "Cerovsky, Marian"]
[Black "Slaby, Marian"]
[Result "0-1"]
[WhiteElo "1783"]
[BlackElo "1855"]
[PlyCount "96"]
[EventDate "2010.??.??"]

1. e4 e6 2. Nc3 d5 3. exd5 exd5 4. Qf3 Nf6 5. h3 Be7 6. d4 Nc6 7. Be3 a6 8. a3
b5 9. Nce2 Na5 10. Ng3 c6 11. Bd3 Nc4 12. Bxc4 bxc4 13. N1e2 Rb8 14. Bc1 O-O
15. O-O Bd6 16. Nh5 Nxh5 17. Qxh5 Qf6 18. c3 Bf5 19. Bg5 Qg6 20. Qxg6 Bxg6 21.
Rfe1 Rxb2 22. Nf4 Rb3 23. Nxg6 hxg6 24. Be7 Bxe7 25. Rxe7 Rxc3 26. Rc7 Rd3 27.
Rxc6 Rxd4 28. Rxa6 Rc8 29. Ra4 Rd2 30. Kf1 c3 31. Rc1 d4 32. Rb4 d3 33. Rd4 Re8
34. Re1 Rxe1+ 35. Kxe1 Re2+ 36. Kf1 c2 37. Rxd3 Rxf2+ 38. Kxf2 c1=Q 39. Rf3 f6
40. Kg3 Kf7 41. Kh2 g5 42. a4 Qc6 43. Kh1 Qxa4 44. Kh2 g4 45. Rg3 gxh3 46. Kxh3
g5 47. Rg4 Qd1 48. Rg3 Qh5# 0-1

[Event "SR 4. liga A21 2010/2011"]
[Site "?"]
[Date "2010.12.05"]
[Round "5.3"]
[White "Damborsky, Pavol"]
[Black "Vagovic, Milan"]
[Result "1-0"]
[WhiteElo "1649"]
[BlackElo "1667"]
[PlyCount "51"]
[EventDate "2010.??.??"]

1. c4 Nf6 2. Nc3 e6 3. d4 d5 4. e3 b6 5. Nf3 Be7 6. Bd3 Bb7 7. O-O O-O 8. h3
dxc4 9. Bxc4 Nc6 10. b3 Bd6 11. Bb2 Re8 12. d5 exd5 13. Nxd5 Nxd5 14. Qxd5 Rf8
15. Qh5 Be7 16. Rad1 Qc8 17. Ng5 Qf5 18. Bd3 Qxd3 19. Rxd3 Bxg5 20. Qxg5 f6 21.
Qd5+ Rf7 22. Rc1 Rd8 23. Qf5 Re8 24. Rdc3 Ne7 25. Qd7 Ng6 26. Qxe8+ 1-0

[Event "SR 4. liga A21 2010/2011"]
[Site "?"]
[Date "2010.12.05"]
[Round "5.3"]
[White "Kupkovic, Miroslav"]
[Black "Dubecky, Ladislav"]
[Result "1/2-1/2"]
[WhiteElo "1818"]
[BlackElo "1551"]
[PlyCount "78"]
[EventDate "2010.??.??"]

1. e4 e5 2. Nf3 d6 3. d4 Bg4 4. dxe5 Bxf3 5. Qxf3 dxe5 6. Bc4 Nf6 7. Qb3 Bc5 8.
Bxf7+ Ke7 9. Bd5 Nxd5 10. exd5 Kd6 11. Be3 Bxe3 12. Qxe3 Qf6 13. Nc3 Kd7 14.
Ne4 Qe7 15. Qh3+ Kd8 16. O-O-O Qb4 17. Qh4+ Qe7 18. Qxe7+ Kxe7 19. d6+ cxd6 20.
Nxd6 b6 21. Rhe1 Kf6 22. Ne4+ Ke7 23. Nc3 Nc6 24. Rd3 Rad8 25. Rde3 Rhf8 26. f3
g5 27. Ne4 h6 28. Rc3 Rc8 29. Nf2 h5 30. Nd3 Ke6 31. Re4 Kd5 32. Rb3 g4 33.
Rb5+ Kd6 34. Nxe5 Nxe5 35. Rbxe5 gxf3 36. gxf3 Rxf3 37. Rxh5 Rf1+ 38. Kd2 Rf2+
39. Kd3 Rcxc2 1/2-1/2

[Event "SR 4. liga A21 2010/2011"]
[Site "?"]
[Date "2010.12.05"]
[Round "5.3"]
[White "Pripko, Bystrik"]
[Black "Pisecky, Jan"]
[Result "1-0"]
[WhiteElo "1607"]
[BlackElo "1529"]
[PlyCount "157"]
[EventDate "2010.??.??"]

1. e4 e5 2. Nf3 Nc6 3. Nc3 d6 4. h3 Be6 5. Bb5 a6 6. Ba4 b5 7. Bb3 Bxb3 8. axb3
Nf6 9. d3 h6 10. O-O Ne7 11. Nh2 g5 12. Ng4 Bg7 13. Qf3 Ng6 14. Nxf6+ Qxf6 15.
Qxf6 Bxf6 16. Nxb5 Kd7 17. Nc3 c6 18. Be3 Nf4 19. Na4 Bd8 20. Bb6 Ke6 21. Bxd8
Rhxd8 22. Nb6 Ra7 23. Nc4 Ne2+ 24. Kh2 Nd4 25. Ne3 f5 26. exf5+ Nxf5 27. Nxf5
Kxf5 28. g4+ Kf4 29. Kg2 d5 30. Rfe1 Re8 31. Ra4+ e4 32. f3 Ke5 33. fxe4 Kd6
34. Rf1 Re6 35. exd5 cxd5 36. Rb4 Kc5 37. c3 Re2+ 38. Rf2 Rae7 39. d4+ Kc6 40.
Ra4 Kb5 41. Ra2 R7e3 42. Rxe2 Rxe2+ 43. Kf3 Rh2 44. Kg3 Re2 45. b4 Re3+ 46. Kg2
Re2+ 47. Kf3 Rh2 48. Kg3 Re2 49. Ra5+ Kc4 50. Rc5+ Kd3 51. Rxd5 Rxb2 52. Rc5
Rb1 53. d5 Ke4 54. d6 Rd1 55. Rc6 Rd3+ 56. Kg2 Rd2+ 57. Kg3 Ke3 58. Rxa6 Ke2
59. d7 Rxd7 60. Re6+ Kd3 61. Rc6 Rb7 62. h4 Rb5 63. h5 Re5 64. c4 Re3+ 65. Kf2
Re2+ 66. Kf1 Re4 67. b5 Rf4+ 68. Ke1 Rxg4 69. c5 Rb4 70. b6 Ke3 71. Re6+ Kd4
72. Rc6 g4 73. Rc7 g3 74. Kf1 Rb2 75. b7 Ke3 76. Re7+ Kf3 77. Rf7+ Ke3 78. c6
Rh2 79. b8=Q 1-0

[Event "SR 4. liga A21 2010/2011"]
[Site "?"]
[Date "2010.12.05"]
[Round "5.3"]
[White "Slaby, Jozef"]
[Black "Kovarik, Oto"]
[Result "0-1"]
[WhiteElo "1865"]
[BlackElo "2025"]
[PlyCount "66"]
[EventDate "2010.??.??"]

1. d4 d5 2. c4 e6 3. e3 Nf6 4. Nf3 Be7 5. Bd3 dxc4 6. Bxc4 O-O 7. O-O c5 8. Qe2
a6 9. a4 Nc6 10. Rd1 Qc7 11. Nc3 b6 12. e4 cxd4 13. Nxd4 Nxd4 14. Rxd4 Bb7 15.
Bg5 Qe5 16. Bxf6 Bxf6 17. Rdd1 Rfc8 18. Bd3 g6 19. h3 Kg7 20. Kh1 Qg5 21. Rac1
Qa5 22. Qd2 Bxc3 23. Rxc3 Qxa4 24. Rdc1 Qd7 25. Qe3 b5 26. f4 Rxc3 27. Rxc3 Rc8
28. Rxc8 Bxc8 29. Kh2 Bb7 30. g3 Qd6 31. f5 exf5 32. Bc2 fxe4 33. Kg2 Qe5 0-1

[Event "SR 4. liga A21 2010/2011"]
[Site "?"]
[Date "2010.12.05"]
[Round "5.4"]
[White "Dedacek, Miroslav"]
[Black "Ochotnicky, Eduard"]
[Result "0-1"]
[WhiteElo "1595"]
[BlackElo "1508"]
[PlyCount "74"]
[EventDate "2010.??.??"]
[TimeControl "240+2"]

1. e4 e5 2. Nf3 Nc6 3. Bc4 h6 4. Nc3 Bc5 5. d3 Nf6 6. h3 d6 7. a3 Qe7 8. b4 Bd4
9. Nxd4 Nxd4 10. Ne2 Ne6 11. O-O O-O 12. f4 Nd7 13. f5 Nd8 14. Qe1 Qf6 15. Qg3
Nb6 16. Bb3 c6 17. Bb2 Re8 18. Qf3 a5 19. Qh5 d5 20. exd5 Nxd5 21. Bxd5 cxd5
22. Nf4 Qb6+ 23. Kh1 exf4 24. Rxf4 g5 25. Bd4 Qd6 26. Rf2 axb4 27. a4 Rxa4 28.
Rb1 b3 29. c3 Ra2 30. f6 Kh7 31. h4 g4 32. Rf5 Qg3 33. Bf2 Rxf2 34. Rxf2 Qxf2
35. Qxd5 Re1+ 36. Rxe1 Qxe1+ 37. Kh2 g3# 0-1

[Event "SR 4. liga A21 2010/2011"]
[Site "?"]
[Date "2010.12.05"]
[Round "5.4"]
[White "Gubis, Vladimir"]
[Black "Kicinja, Jan"]
[Result "0-1"]
[WhiteElo "1795"]
[BlackElo "1808"]
[PlyCount "86"]
[EventDate "2010.??.??"]
[TimeControl "240+2"]

1. d4 d5 2. c4 e6 3. Nc3 Nf6 4. Bg5 Be7 5. e3 c6 6. Nf3 Nbd7 7. Bd3 Bb4 8. O-O
Bxc3 9. bxc3 Qa5 10. Bxf6 Nxf6 11. Qc2 h6 12. Nd2 Qc7 13. e4 dxe4 14. Nxe4 Nxe4
15. Bxe4 Bd7 16. d5 cxd5 17. cxd5 Rc8 18. dxe6 Bxe6 19. Rac1 O-O 20. Rfe1 b6
21. Re3 Qc4 22. Rg3 Rc5 23. Bd3 Qxa2 24. Qxa2 Bxa2 25. Ra1 Ra5 26. Re3 Rd8 27.
Rae1 Be6 28. f4 Kf8 29. R1e2 Rc5 30. Ba6 Bc4 31. Bxc4 Rxc4 32. g3 Rc7 33. Kf2
Rdc8 34. Rc2 b5 35. Ke2 b4 36. c4 Rxc4 37. Rxc4 Rxc4 38. Kd2 a5 39. Re1 b3 40.
Re5 a4 41. Kd3 Rc1 42. Rb5 a3 43. Rxb3 a2 0-1

[Event "SR 4. liga A21 2010/2011"]
[Site "?"]
[Date "2010.12.05"]
[Round "5.4"]
[White "Kurinec, Jozef"]
[Black "Nedorost, Lubomir"]
[Result "0-1"]
[WhiteElo "1837"]
[BlackElo "1601"]
[PlyCount "54"]
[EventDate "2010.??.??"]
[TimeControl "240+2"]

1. e4 c5 2. Nf3 d6 3. d4 cxd4 4. Nxd4 g6 5. Be3 Bg7 6. Nd2 Nc6 7. N2b3 Nf6 8.
f3 O-O 9. Be2 d5 10. Nxc6 bxc6 11. exd5 cxd5 12. O-O Qc7 13. c3 e6 14. Qe1 Kh8
15. Qh4 Ng8 16. Kh1 a5 17. Bd4 e5 18. Bc5 Bf6 19. Qf2 Rd8 20. Bb6 Qd6 21. Bxd8
Bxd8 22. Qc5 Qe6 23. Bb5 Ne7 24. Qe3 Nf5 25. Qd3 Bb6 26. Rfe1 g5 27. c4 Ng3+
0-1

[Event "SR 4. liga A21 2010/2011"]
[Site "?"]
[Date "2010.12.05"]
[Round "5.4"]
[White "Oravec, Pavol"]
[Black "Sladek, Tibor"]
[Result "1-0"]
[WhiteElo "1373"]
[BlackElo "1426"]
[PlyCount "61"]
[EventDate "2010.??.??"]
[TimeControl "240+2"]

1. d4 d5 2. Nf3 Nc6 3. Bf4 h6 4. e3 Nf6 5. Nbd2 a6 6. c3 e6 7. Bd3 Bd6 8. Bg3
Bxg3 9. hxg3 Qd6 10. Qc2 Bd7 11. O-O-O O-O-O 12. Nb3 Na7 13. Nc5 Qb6 14. Ne5
Rhf8 15. Rh4 Bb5 16. Rf4 Be8 17. e4 Nh5 18. Rh4 f6 19. Nf3 g5 20. Rh2 Rh8 21.
Rdh1 Bf7 22. Rxh5 Bxh5 23. Rxh5 Qd6 24. exd5 exd5 25. Qb3 Qb6 26. Bf5+ Kb8 27.
Nd7+ Rxd7 28. Qxb6 cxb6 29. Bxd7 Kc7 30. Bf5 Nc6 31. Rh1 1-0

[Event "SR 4. liga A21 2010/2011"]
[Site "?"]
[Date "2010.12.05"]
[Round "5.4"]
[White "Sedlak, Rastislav"]
[Black "Adamec, Jozef"]
[Result "1-0"]
[WhiteElo "1560"]
[BlackElo "1444"]
[PlyCount "119"]
[EventDate "2010.??.??"]
[TimeControl "240+2"]

1. e4 e5 2. Nf3 Nc6 3. Bc4 h6 4. O-O Nf6 5. Nc3 Be7 6. d4 d6 7. d5 Na5 8. Bd3
b6 9. b4 Nb7 10. h3 Nh7 11. Re1 O-O 12. a4 a5 13. b5 Qe8 14. Ne2 Qd8 15. c4 Kh8
16. Ng3 Rg8 17. Be3 Bf8 18. Nh2 g5 19. Qh5 Nf6 20. Qe2 Rg6 21. f3 Kh7 22. Bc2
Be7 23. Qd2 Qg8 24. Rf1 Bf8 25. Rf2 Bd7 26. Nf5 Nh5 27. g4 Nf4 28. Bxf4 gxf4
29. Rg2 f6 30. Qf2 Nd8 31. Kf1 Nb7 32. Ke2 Nc5 33. Rag1 Bxf5 34. gxf5 Rg7 35.
Ng4 Be7 36. Qh4 Rxg4 37. Rxg4 Qg5 38. Rxg5 fxg5 39. Qh5 Rg8 40. h4 Nd7 41. hxg5
Bxg5 42. Kf1 Rg7 43. Bd1 Nc5 44. f6 Rg6 45. Rxg5 Rxg5 46. Qf7+ Kh8 47. Qxc7 Nd3
48. f7 Kg7 49. Qe7 Kg6 50. f8=N+ Kh5 51. Qxd6 Nb2 52. Bb3 Nd3 53. Qxb6 Rg3 54.
Bd1 Nb2 55. Be2 Nxa4 56. Qf6 Rg5 57. Nh7 Nc5 58. Nxg5 hxg5 59. Qxe5 a4 60. Qe7
1-0

[Event "SR 4. liga A21 2010/2011"]
[Site "?"]
[Date "2010.12.05"]
[Round "5.5"]
[White "Danihel, Jozef"]
[Black "Sadlon, Juraj"]
[Result "0-1"]
[WhiteElo "1552"]
[BlackElo "1873"]
[PlyCount "78"]
[EventDate "2010.??.??"]

1. e4 d5 2. exd5 Nf6 3. d4 Nxd5 4. c4 Nb6 5. Nc3 Bf5 6. Nf3 e6 7. a3 Be7 8. Be3
c6 9. h3 O-O 10. Bd3 Bxd3 11. Qxd3 N8d7 12. Rd1 Nf6 13. O-O Qc7 14. Qe2 Rfd8
15. Ne5 Nbd7 16. f4 a6 17. g4 Nxe5 18. fxe5 Nd7 19. Ne4 c5 20. Qf3 Rf8 21. Bg5
Bxg5 22. Nxg5 cxd4 23. Qe4 g6 24. Rxd4 Nxe5 25. h4 Nc6 26. Rd3 Rad8 27. Rdf3
Rd2 28. Rh3 Qb6+ 29. Kh1 Qxb2 30. h5 Qe5 31. Qxe5 Nxe5 32. hxg6 hxg6 33. Nf3
Rd3 34. Kg2 Nxg4 35. Rfh1 Kg7 36. Rh7+ Kf6 37. Rf1 Ne3+ 38. Kf2 Nxf1 39. Kxf1
Rxf3+ 0-1

[Event "SR 4. liga A21 2010/2011"]
[Site "?"]
[Date "2010.12.05"]
[Round "5.5"]
[White "Sadlon, Matus"]
[Black "Hornacek, Vendelin"]
[Result "1-0"]
[WhiteElo "1419"]
[BlackElo "1610"]
[PlyCount "109"]
[EventDate "2010.??.??"]

1. e4 e5 2. Nf3 Nc6 3. Bc4 Nd4 4. c3 Nxf3+ 5. Qxf3 Nf6 6. d4 d6 7. Bg5 Be7 8.
O-O Bg4 9. Qd3 O-O 10. Nd2 a6 11. f4 exd4 12. cxd4 b5 13. Bb3 Be6 14. Bxe6 fxe6
15. Qh3 Qd7 16. Rf3 h6 17. Bxh6 gxh6 18. Qxh6 Kf7 19. Rg3 Ke8 20. Rg7 Kd8 21.
Qg6 c6 22. Nf3 Kc7 23. Ng5 Rg8 24. Re1 Rxg7 25. Qxg7 Rg8 26. Qf7 Rxg5 27. fxg5
Ng4 28. g6 Bh4 29. Rf1 Nh6 30. Qxd7+ Kxd7 31. g7 Ke7 32. Rf8 Bf6 33. g8=Q Bxd4+
34. Kf1 Nxg8 35. Rxg8 Bxb2 36. Ra8 Be5 37. h3 Kf6 38. Rxa6 c5 39. Ke2 b4 40.
Kd3 Bf4 41. a4 bxa3 42. Rxa3 Kg5 43. Ke2 Be5 44. Ra8 c4 45. Rc8 c3 46. Kd3 Kf6
47. g4 Kg5 48. Re8 Kf6 49. h4 Kf7 50. Rc8 d5 51. exd5 exd5 52. Rc5 Ke6 53. h5
d4 54. h6 Kd6 55. Rxe5 1-0

[Event "SR 4. liga A21 2010/2011"]
[Site "?"]
[Date "2010.12.05"]
[Round "5.5"]
[White "Spacek, Oliver"]
[Black "Kubis, Ivan"]
[Result "1-0"]
[WhiteElo "1887"]
[BlackElo "1980"]
[PlyCount "87"]
[EventDate "2010.??.??"]

1. d4 Nf6 2. c4 e6 3. g3 Be7 4. Bg2 O-O 5. Nf3 d5 6. O-O dxc4 7. Qa4 a6 8. Qxc4
b5 9. Qc2 Bb7 10. Bf4 Be4 11. Qc1 Ra7 12. Nbd2 Ba8 13. Nb3 Nbd7 14. Rd1 Qc8 15.
Nc5 Nd5 16. Nxd7 Qxd7 17. Ne5 Qe8 18. Bd2 f6 19. Nd3 Bd6 20. e4 Nb6 21. b3 e5
22. d5 f5 23. f3 c6 24. Be3 Bc7 25. d6 Bd8 26. Qb2 Raf7 27. Nxe5 Bf6 28. Bxb6
Bxe5 29. Bd4 Bxd6 30. Bxg7 Rxg7 31. Rxd6 fxe4 32. fxe4 c5 33. Re1 Rg6 34. Rxg6+
hxg6 35. e5 Bxg2 36. Qxg2 Qe6 37. Qe4 c4 38. bxc4 bxc4 39. Rc1 Rf5 40. Rxc4
Qb6+ 41. Rd4 Kg7 42. Kh1 Qe6 43. Rd5 Qc6 44. Kg2 1-0

[Event "SR 4. liga A21 2010/2011"]
[Site "?"]
[Date "2010.12.05"]
[Round "5.5"]
[White "Vach, Jozef"]
[Black "Spacek, Marcel"]
[Result "0-1"]
[WhiteElo "1900"]
[BlackElo "1724"]
[PlyCount "98"]
[EventDate "2010.??.??"]

1. d4 Nf6 2. Nf3 e6 3. Bg5 Be7 4. c4 d5 5. e3 O-O 6. Nc3 Nbd7 7. cxd5 exd5 8.
Bd3 Bb4 9. O-O Re8 10. Nxd5 Bd6 11. Qc2 h6 12. Bxf6 Nxf6 13. Nxf6+ Qxf6 14. Kh1
Bg4 15. Be2 c6 16. Rac1 Bc7 17. Rfd1 Qd6 18. Ne5 Be6 19. Bc4 Rad8 20. Qb3 Bxc4
21. Qxc4 Rxe5 22. g3 Rb5 23. b3 Qf6 24. Kg2 Qf5 25. f3 Qg5 26. Rc3 Qg6 27. Qe2
h5 28. e4 Rg5 29. e5 Bb6 30. Rcd3 f5 31. f4 Rg4 32. Kh1 Qe6 33. h3 Qd5+ 34. Kh2
Rg6 35. Qxh5 Qe6 36. g4 fxg4 37. f5 Rh6 38. Qxg4 Qf7 39. Rg1 Bc7 40. Qg5 Bxe5+
41. dxe5 Rxd3 42. Qxh6 Rf3 43. f6 Rf2+ 44. Kg3 gxh6 45. Kxf2+ Kf8 46. Rg7 Qe6
47. Re7 Qxh3 48. e6 Qf5+ 49. Kg3 Qxf6 0-1

[Event "SR 4. liga A21 2010/2011"]
[Site "?"]
[Date "2010.12.05"]
[Round "5.6"]
[White "Bajcar, Pavol"]
[Black "Gasa, Patrik"]
[Result "1-0"]
[WhiteElo "1523"]
[BlackElo "1706"]
[PlyCount "91"]
[EventDate "2010.??.??"]

1. e4 c5 2. Nf3 g6 3. d4 cxd4 4. Nxd4 Bg7 5. Be3 Nf6 6. Bd3 O-O 7. c3 d5 8. Nd2
e5 9. N4b3 Nc6 10. O-O b6 11. Bg5 Bb7 12. Bxf6 Bxf6 13. exd5 Qxd5 14. Bc4 Qd8
15. Ne4 Bg7 16. Nd6 Qc7 17. Nxb7 Qxb7 18. Bd5 Rad8 19. Qf3 Rd6 20. Rfd1 Rfd8
21. Rd2 Rc8 22. Bxf7+ Qxf7 23. Qxf7+ Kxf7 24. Rxd6 Rc7 25. Nd2 Bf8 26. Rd3 Ke6
27. Ne4 Be7 28. Rad1 Na5 29. Rh3 h5 30. Rg3 Nc4 31. b3 h4 32. Rf3 Na5 33. g3
hxg3 34. Rxg3 Kf5 35. Nd6+ Bxd6 36. Rxd6 g5 37. Kg2 Nb7 38. Rf3+ Ke4 39. Rg6
Nd8 40. Rxg5 Ne6 41. Rg4+ Nf4+ 42. Kg3 Rh7 43. Rfxf4+ exf4+ 44. Rxf4+ Ke5 45.
h4 a5 46. Rg4 1-0

[Event "SR 4. liga A21 2010/2011"]
[Site "?"]
[Date "2010.12.05"]
[Round "5.6"]
[White "Danada, Tomas"]
[Black "Smrek, Peter"]
[Result "1/2-1/2"]
[WhiteElo "1838"]
[BlackElo "1882"]
[PlyCount "129"]
[EventDate "2010.??.??"]

1. d4 c5 2. d5 e6 3. e4 exd5 4. exd5 d6 5. c4 Nf6 6. Nc3 a6 7. Nf3 Bg4 8. Be2
Be7 9. O-O O-O 10. h3 Bh5 11. Re1 Nbd7 12. Bf4 Re8 13. Ng5 Bg6 14. Bd3 Nh5 15.
Bxg6 hxg6 16. Qd2 Ne5 17. Rxe5 dxe5 18. Be3 Bxg5 19. Bxg5 f6 20. Be3 b6 21. g4
Nf4 22. Bxf4 exf4 23. Qxf4 Re5 24. Ne4 Qe7 25. f3 f5 26. gxf5 Rxf5 27. Qg4 Raf8
28. Rf1 Kh7 29. Kg2 Qe5 30. Rf2 b5 31. b3 bxc4 32. bxc4 Rb8 33. h4 Rb2 34. Qg3
Qd4 35. Rxb2 Qxb2+ 36. Qf2 Qa3 37. Nxc5 Qc3 38. Ne4 Qxc4 39. d6 Rd5 40. Ng5+
Kh8 41. Qe3 Qxa2+ 42. Kg3 Qa4 43. Qe7 Rxg5+ 44. hxg5 Qd4 45. Qf8+ Kh7 46. Qf4
Qg1+ 47. Kh3 Qh1+ 48. Kg4 Qg2+ 49. Qg3 Qd2 50. Kh3 Qd5 51. Qf4 a5 52. Kg2 Qc6
53. Qd4 Qd7 54. Qh4+ Kg8 55. Qc4+ Kf8 56. Qc7 Ke8 57. Qxa5 Qxd6 58. Qa8+ Qd8
59. Qxd8+ Kxd8 60. Kg3 Ke7 61. Kf4 Kd6 62. Ke4 Ke6 63. f4 Kd6 64. Kd4 Ke6 65.
Ke4 1/2-1/2

[Event "SR 4. liga A21 2010/2011"]
[Site "?"]
[Date "2010.12.05"]
[Round "5.6"]
[White "Lajda, Dusan"]
[Black "Nemeckayova, Monika"]
[Result "0-1"]
[WhiteElo "1890"]
[BlackElo "1808"]
[PlyCount "84"]
[EventDate "2010.??.??"]

1. e4 c5 2. Nf3 a6 3. d4 cxd4 4. Nxd4 Nf6 5. Nc3 e5 6. Nb3 Bb4 7. Bd2 d6 8. Bd3
Be6 9. O-O Nc6 10. Kh1 O-O 11. a3 Bxc3 12. Bxc3 Qe7 13. Nc1 d5 14. f3 Rfd8 15.
Bd2 Rd7 16. Rf2 Rad8 17. Qe1 dxe4 18. Bxe4 Nxe4 19. fxe4 Bc4 20. b3 Be6 21. Na2
Nd4 22. Bb4 Qg5 23. Ba5 Rc8 24. Nb4 Rd6 25. Rd1 b6 26. c3 bxa5 27. cxd4 axb4
28. d5 Bg4 29. Qxb4 Rc1 30. Qb8+ Bc8 31. Rdf1 Rxf1+ 32. Rxf1 Rd8 33. Qc7 Rf8
34. d6 Qg4 35. Rc1 Qd7 36. Qb6 Rd8 37. Rc7 Qe6 38. Re7 Qxe7 39. dxe7 Rd1+ 40.
Qg1 Rxg1+ 41. Kxg1 Bd7 42. Kf2 f6 0-1

[Event "SR 4. liga A21 2010/2011"]
[Site "?"]
[Date "2010.12.05"]
[Round "5.6"]
[White "Nemeckay, Rastislav"]
[Black "Madzo, Anton"]
[Result "1-0"]
[WhiteElo "1770"]
[BlackElo "1521"]
[PlyCount "89"]
[EventDate "2010.??.??"]

1. e4 e5 2. Nf3 d6 3. d4 exd4 4. Qxd4 Nc6 5. Bb5 Bd7 6. Bxc6 bxc6 7. Bg5 f6 8.
Bh4 c5 9. Qd3 Qb8 10. b3 Qb5 11. c4 Qb7 12. Nc3 Ne7 13. O-O g5 14. Bg3 h5 15.
h4 g4 16. Nd2 O-O-O 17. Nd5 Nxd5 18. cxd5 Bg7 19. Rae1 Bb5 20. Nc4 Qa6 21. a4
Bxc4 22. Qxc4 Qxc4 23. bxc4 Kd7 24. Rb1 Rb8 25. Bf4 Rb4 26. Rxb4 cxb4 27. a5 a6
28. Rb1 Rb8 29. Rb3 Bf8 30. Bd2 c5 31. dxc6+ Kxc6 32. Rxb4 Rxb4 33. Bxb4 Kd7
34. f3 Bh6 35. fxg4 hxg4 36. Kf2 Bf4 37. g3 Bc1 38. Ke2 Bb2 39. Kd3 Ke6 40. Bc3
Bc1 41. Bd2 Bb2 42. h5 Be5 43. Bf4 Kf7 44. Bxe5 fxe5 45. c5 1-0

[Event "SR 4. liga A21 2010/2011"]
[Site "?"]
[Date "2011.01.09"]
[Round "6.1"]
[White "Brisudova, Veronika"]
[Black "Smrek, Peter"]
[Result "1/2-1/2"]
[WhiteElo "1797"]
[BlackElo "1882"]
[PlyCount "58"]
[EventDate "2010.??.??"]

1. e4 e5 2. Nf3 Nf6 3. Nxe5 d6 4. Nf3 Nxe4 5. d4 d5 6. Bd3 Be7 7. O-O Nd6 8.
Bf4 Nc6 9. c3 Bg4 10. Nbd2 O-O 11. Re1 Re8 12. Qc2 g6 13. Ne5 Bf5 14. Nxc6 bxc6
15. Bxd6 Bxd3 16. Qxd3 Bxd6 17. Nf3 c5 18. Rxe8+ Qxe8 19. dxc5 Bxc5 20. Qxd5
Bb6 21. Re1 Qd8 22. Qe4 Rb8 23. b3 Qf6 24. Qe5 Qxe5 25. Rxe5 Rd8 26. Kf1 Rd3
27. c4 Rc3 28. h3 Rc1+ 29. Re1 Rc2 1/2-1/2

[Event "SR 4. liga A21 2010/2011"]
[Site "?"]
[Date "2011.01.09"]
[Round "6.1"]
[White "Harasta, Juraj"]
[Black "Bjel, Lubos"]
[Result "1-0"]
[WhiteElo "1706"]
[BlackElo "1665"]
[PlyCount "35"]
[EventDate "2010.??.??"]

1. e4 e6 2. c4 c5 3. Nc3 Nc6 4. Nf3 Bd6 5. d4 cxd4 6. Nxd4 Bc5 7. Nxc6 dxc6 8.
Qxd8+ Kxd8 9. Bg5+ f6 10. O-O-O+ Kc7 11. Bh4 e5 12. Bg3 Be6 13. f4 exf4 14.
Bxf4+ Kc8 15. Be2 g5 16. Bd6 Bxd6 17. Rxd6 Bf7 18. Bg4+ 1-0

[Event "SR 4. liga A21 2010/2011"]
[Site "?"]
[Date "2011.01.09"]
[Round "6.1"]
[White "Jarabek, Milan"]
[Black "Bajcar, Pavol"]
[Result "0-1"]
[WhiteElo "1522"]
[BlackElo "1523"]
[PlyCount "84"]
[EventDate "2010.??.??"]

1. d4 e6 2. c4 d5 3. Nc3 Bb4 4. Qc2 Nf6 5. Bg5 b6 6. Nf3 Bb7 7. Qa4+ Nc6 8. Ne5
Bxc3+ 9. bxc3 Qd6 10. Bxf6 gxf6 11. Nxc6 Bxc6 12. Qb3 Ke7 13. cxd5 Bxd5 14. Qb4
c5 15. Qb2 cxd4 16. cxd4 Rac8 17. e3 Rc7 18. f3 f5 19. Bd3 Rhc8 20. O-O Rc3 21.
Rac1 Rxc1 22. Rxc1 Rxc1+ 23. Qxc1 Bxa2 24. Qa1 Qa3 25. Kf2 Qxd3 26. Qxa2 a6 27.
f4 Qb5 28. Qa3+ Ke8 29. Qc3 Kd7 30. Qa3 Kc7 31. Qc3+ Qc6 32. Qa3 a5 33. Qe7+
Qd7 34. Qa3 a4 35. Qb4 b5 36. Qc5+ Qc6 37. Qa7+ Kd6 38. Qxf7 Kd5 39. Qe7 Kc4
40. Qa3 b4 41. Qc1+ Kb5 42. Qf1+ Qc4 0-1

[Event "SR 4. liga A21 2010/2011"]
[Site "?"]
[Date "2011.01.09"]
[Round "6.1"]
[White "Lajda, Dusan"]
[Black "Berger, Patrik"]
[Result "1/2-1/2"]
[WhiteElo "1890"]
[BlackElo "1720"]
[PlyCount "53"]
[EventDate "2010.??.??"]

1. e4 c5 2. Nf3 d6 3. d4 cxd4 4. Nxd4 Nf6 5. Nc3 g6 6. Be3 Bg7 7. Be2 Nc6 8.
Qd2 O-O 9. O-O-O Nxd4 10. Bxd4 Be6 11. f3 Rc8 12. Kb1 a6 13. g4 Bc4 14. h4 Bxe2
15. Nxe2 h5 16. Bxf6 Bxf6 17. gxh5 Qb6 18. b3 Qc5 19. hxg6 fxg6 20. Rhg1 Kf7
21. Qd3 Rg8 22. f4 Bxh4 23. Rg2 Bf6 24. Rdg1 b5 25. e5 dxe5 26. Rxg6 exf4 27.
Rxg8 1/2-1/2

[Event "SR 4. liga A21 2010/2011"]
[Site "?"]
[Date "2011.01.09"]
[Round "6.1"]
[White "Madzo, Anton"]
[Black "Harasta, Marian"]
[Result "1/2-1/2"]
[WhiteElo "1521"]
[BlackElo "1663"]
[PlyCount "86"]
[EventDate "2010.??.??"]

1. c4 e5 2. Nc3 f5 3. d3 Nf6 4. e3 Nc6 5. a3 d5 6. cxd5 Nxd5 7. Nxd5 Qxd5 8. b4
Be6 9. Bb2 a5 10. bxa5 Qxa5+ 11. Qd2 Qxd2+ 12. Kxd2 O-O-O 13. Nf3 Bd6 14. Bc3
Bb3 15. Be2 e4 16. Nd4 exd3 17. Nxb3 dxe2 18. Kxe2 Be5 19. Bxe5 Nxe5 20. Rhd1
Nc4 21. a4 Rxd1 22. Rxd1 Nb2 23. Rd4 Rd8 24. Rxd8+ Kxd8 25. Nc5 Kc8 26. a5 Nc4
27. a6 bxa6 28. Nxa6 Ne5 29. Nc5 g5 30. h3 h6 31. f4 Nf7 32. g4 fxg4 33. hxg4
Kd8 34. Kf3 Ke7 35. e4 Kd6 36. Nd3 Ke6 37. e5 Nd8 38. f5+ Kd5 39. e6 Nxe6 40.
fxe6 Kxe6 41. Ke4 Kf6 42. Ne5 c5 43. Nd7+ Kg6 1/2-1/2

[Event "SR 4. liga A21 2010/2011"]
[Site "?"]
[Date "2011.01.09"]
[Round "6.2"]
[White "Danada, Tomas"]
[Black "Vach, Jozef"]
[Result "1/2-1/2"]
[WhiteElo "1838"]
[BlackElo "1900"]
[PlyCount "40"]
[EventDate "2010.??.??"]
[TimeControl "240+2"]

{393MB, Fritz10.ctg} 1. Nf3 Nf6 2. d4 d5 3. c4 c6 4. e3 Bg4 5. Qb3 Qb6 6. Ne5
Qxb3 7. axb3 Bh5 8. Nc3 e6 9. c5 Nbd7 10. f4 Nxe5 11. fxe5 Nd7 12. Bd3 Bg6 13.
Bxg6 hxg6 14. e4 Be7 15. O-O O-O 16. exd5 exd5 17. Be3 Rfe8 18. Bf2 Nf8 19. b4
Ne6 20. b5 Rec8 1/2-1/2

[Event "SR 4. liga A21 2010/2011"]
[Site "?"]
[Date "2011.01.09"]
[Round "6.2"]
[White "Drabek, Martin"]
[Black "Gasa, Patrik"]
[Result "0-1"]
[WhiteElo "1499"]
[BlackElo "1706"]
[PlyCount "96"]
[EventDate "2010.??.??"]

1. e4 c5 2. Nf3 a6 3. d4 cxd4 4. Nxd4 Nf6 5. Nc3 e5 6. Nf3 d6 7. Bg5 Be7 8. Bc4
O-O 9. h3 Nc6 10. a3 h6 11. Bh4 b6 12. O-O Bb7 13. Re1 Qc7 14. Bxf6 Bxf6 15.
Nd5 Qd8 16. c3 Na5 17. Ba2 Bxd5 18. Qxd5 Qc7 19. Rad1 Rad8 20. Rd3 Rd7 21. Nh2
g6 22. Rf3 Bg7 23. Ng4 Nb7 24. Rd1 a5 25. Rdd3 Nc5 26. Rde3 Ne6 27. Nf6+ Bxf6
28. Rxf6 Kg7 29. Rff3 Qc5 30. Qd3 Nf4 31. Qd2 Nh5 32. g3 f5 33. Be6 Rdd8 34.
exf5 g5 35. Kg2 Nf6 36. Qd3 h5 37. Qa6 e4 38. Qb7+ Rd7 39. Bxd7 exf3+ 40. Kxf3
Rf7 41. b4 axb4 42. axb4 Qc4 43. Be6 g4+ 44. Kg2 gxh3+ 45. Kg1 h2+ 46. Kg2
h1=Q+ 47. Kxh1 Qf1+ 48. Kh2 Ng4# 0-1